000 00460nam a22001577a 4500
003 OSt
005 20260119124017.0
008 260119b |||||||| |||| 00| 0 eng d
040 _cMRSPTUE
041 _aENG
100 _aGurtej Singh, Supervisor: Dr. Paramjeet Singh
245 _aPerformance Optimization in Dissemination of Information in WMN's
260 _bDepartment of CSE, MRSPTU , Bathinda
_c2015
650 _aComputer Science
942 _2ddc
_cTH
_n0
999 _c10679
_d10679